Library Banner

Tareekh ul alamah Ibne Khaldoon/ (Record no. 94166)

MARC details
000 -LEADER
fixed length control field 00405nam a22001457a 4500
005 - DATE AND TIME OF LATEST TRANSACTION
control field 20170531105911.0
008 - FIXED-LENGTH DATA ELEMENTS--GENERAL INFORMATION
fixed length control field 170531b xxu||||| |||| 00| 0 eng d
040 ## - CATALOGING SOURCE
Transcribing agency PK-LaUMT
082 ## - DEWEY DECIMAL CLASSIFICATION NUMBER
Classification number ZIAC 297.09
Item number ABD-T
100 ## - MAIN ENTRY--PERSONAL NAME
Personal name Abdul Rehman
245 ## - TITLE STATEMENT
Title Tareekh ul alamah Ibne Khaldoon/
Statement of responsibility, etc Abdul Rehman
260 ## - PUBLICATION, DISTRIBUTION, ETC. (IMPRINT)
Place of publication, distribution, etc بیروت:
Name of publisher, distributor, etc دارلاکتاب اللبنانی،
Date of publication, distribution, etc 1968
300 ## - PHYSICAL DESCRIPTION
Extent 1094 ص
942 ## - ADDED ENTRY ELEMENTS (KOHA)
Koha item type Books
Holdings
Withdrawn status Lost status Damaged status Home library Current library Date acquired Full call number Barcode Date last seen Copy number Price effective from Koha item type
      UMT Main Campus UMT Main Campus 2017-05-31 ZIAC 297.09 ABD-T 109727 2017-05-31 V-6 2017-05-31 Books
      UMT Main Campus UMT Main Campus 2017-05-31 ZIAC 297.09 ABD-T 109723 2017-05-31 V-2 2017-05-31 Books
      UMT Main Campus UMT Main Campus 2017-05-31 ZIAC 297.09 ABD-T 109724 2017-05-31 V-3 2017-05-31 Books
      UMT Main Campus UMT Main Campus 2017-05-31 ZIAC 297.09 ABD-T 109725 2017-05-31 V-4 2017-05-31 Books
      UMT Main Campus UMT Main Campus 2017-05-31 ZIAC 297.09 ABD-T 109726 2017-05-31 V-7 2017-05-31 Books